LDR 00907naa#a2200217#i#450# 001 EN\\bibl\121382 005 20260428112226.2 011 ## _a1994-4683 100 ## _a20230531b2023####ek#y0engy0150####ca 102 ## _aRU 200 1# _aEVALUATION OF THE LEVEL OF MOTIVATION OF STUDENTS OF THE SPECIAL EDUCATIONAL DEPARTMENT OF THE SIBERIAN FEDERAL UNIVERSITY TO PHYSICAL CULTURE _eJournal article 210 1# _aMoscow _cNational State University of Physical Education, Sports and Health named after P.F. Lesgaft _d2023 215 ## _a5 с. 608 ## _aJournal article _2local 675 ## _aМетодика физического воспитания. Пути и средства физического воспитания. Учебные заведения физической культуры. 796.011.3 _z 700 #1 _a _g 700 #1 _a _g 700 #1 _a _g 700 #1 _a _g 700 #1 _a _g 856 4# _auchzapiski.lesgaft.spb.ru _u